| 000 | 01395nam a2200397 c 4500 | ||
|---|---|---|---|
| 001 | 24809 | ||
| 003 | ES-MaCES | ||
| 005 | 20190103040056.0 | ||
| 008 | 121220s2012 sp t 000 | spa d | ||
| 017 |
_aV 2719-2012 _bDL |
||
| 020 | _a9788490333655 | ||
| 035 | _aCES20120008233m | ||
| 040 |
_aES-MaCES _bspa _cES-MaCES |
||
| 100 | 1 |
_aBlasco Lahoz, José Francisco _97894 |
|
| 245 | 1 | 3 |
_aLa protección por cese de actividad en el régimen especial de trabajadores autónomos _cJosé Francisco Blasco Lahoz |
| 260 |
_aValencia _bTirant lo Blanch _c2012 |
||
| 300 |
_a105 p. _c21 cm |
||
| 490 | 1 |
_aColección Laboral (Tirant lo Blanch (Firma)) _v210 |
|
| 500 | _aAnexo legislativo: p. 81-136 | ||
| 504 | _aBibliografía: p. 79 | ||
| 541 | _cCompra | ||
| 650 | 4 |
_arégimen jurídico _929894 |
|
| 650 | 4 |
_aEspaña _926964 |
|
| 650 | 4 |
_alegislación de seguridad social _929855 |
|
| 650 | 4 |
_atrabajador independiente _928412 |
|
| 650 | 4 |
_atrabajo a cuenta propia _930170 |
|
| 650 | 4 |
_acierre de empresa _929064 |
|
| 650 | 4 |
_aregímenes especiales de Seguridad Social _931067 |
|
| 650 | 4 |
_aseguridad social _927034 |
|
| 650 | 4 |
_aprotección social _929076 |
|
| 653 | 1 | 0 | _aDerecho del trabajo y Seguridad Social |
| 830 | 0 |
_aLaboral (Tirant lo Blanch (Firma)) _v210 _932672 |
|
| 902 | _aLIB Libro | ||
| 942 |
_2CES _cBK _h6.0.1. |
||
| 999 |
_c24809 _d24809 |
||